Nástroje aktívnej politiky trhu práce na elimináciu chudoby a nezamestnanosti

Trh práce s akcentom na vývoj nezamestnanosti. Nová sociálna politika v kontexte trhu práce. Realizované nástroje aktívnej politiky trhu práce v rokoch 2005-2007. Očakávaný prínos z realizácie jednotlivých aktívnych opatrení trhu práce.

Salvato in:
Dettagli Bibliografici
Autore principale: Pongráczová, Eva, 1971-
Altri autori: Rievajová, Eva
Natura: Capitolo di libro
Lingua:slovacco
Soggetti:
Tags: Aggiungi Tag
Nessun Tag, puoi essere il primo ad aggiungerne!!

MARC

LEADER 00000naa$a2200000$$$4500
001 0083457
005 20240611092635.6
041 0 |a slo 
044 |a SK 
245 1 0 |a Nástroje aktívnej politiky trhu práce na elimináciu chudoby a nezamestnanosti  |c Eva Pongráczová, Eva Rievajová 
520 |a Trh práce s akcentom na vývoj nezamestnanosti. Nová sociálna politika v kontexte trhu práce. Realizované nástroje aktívnej politiky trhu práce v rokoch 2005-2007. Očakávaný prínos z realizácie jednotlivých aktívnych opatrení trhu práce. 
610 2 0 |a trh práce 
610 2 0 |a politika zamestnanosti 
610 2 0 |a Slovensko 
610 2 0 |a chudoba 
610 2 0 |a nezamestnanosť 
610 2 0 |a politika sociálna 
100 1 |a Pongráczová, Eva, 1971- 
700 1 |a Rievajová, Eva